000 00320nam a22001337a 4500
008 170616b xxu||||| |||| 00| 0 eng d
020 _a9780761828761
041 _aeng
080 _a32
100 _a20
101 _aSHP
245 _aETHNICITIES, COMMUNITY MAKING, AND AGRARIAN CHANGE
_cILLAHIANE,H
942 _2udc
_cBK
999 _c17711
_d17711